000 00644cam a2200229 4500
001 J88288
008 090401t1997 xxu||||| |||| 00| 0 eng d
035 _a(Sirsi) u82672
041 _aeng
050 _a332.632409421
110 _aHillier Parker
_92054
245 _aCentral London investment market. - Third quarter 1997
260 _aLondon
_bHillier Parker
_c1997
300 _a1 pt. ; 30cm.
350 _a0
650 _aCENTRAL LONDON
650 _aOVERSEAS INVESTORS
650 _aPROPERTY INVESTMENT
690 _aPROPERTY-COMMERCIAL PROPERTY-COMMERCIAL PROPERTY FINANCE AND INVESTMENT
942 _n0
948 _c15/12/1997
999 _c96814
_d96814